00687cam a22002411 4500001001300000003000400013005001700017008004100034010001700075035001900092040001800111042001200129050001700141082001200158100002800170245004900198260003900247300002300286500004900309651002800358651004200386999001700428sa 67006875 DLC20260227112411.0760416s1967 ii 000 0 eng  asa 67006875  a(OCoLC)2116430 aDLCcNICdDLC apremarc00aHC435.2b.S4 a338.9541 aSen, Samar,d1916-1987.10aPolitics of Indian economyc[by] Pragmatist. aBombay,bPopular Prakashanc[1967] axi, 126 p.c23 cm. aPublished in the Economic weekly, 1955-1965. 0aIndiaxEconomic policy. 0aIndiaxPolitics and governmenty1947- c76211d76211